Catálogo

Comportamiento organizacional L (Registro nro. 48063)

Detalles MARC
000 -LEADER
fixed length control field 01169cam a2200325 i 4500
001 - CONTROL NUMBER
control field 48063
003 - CONTROL NUMBER IDENTIFIER
control field Mx-PuUPA
005 - DATE AND TIME OF LATEST TRANSACTION
control field 20260512121839.0
008 - FIXED-LENGTH DATA ELEMENTS--GENERAL INFORMATION
fixed length control field 140415s1999 mx a gr 000 0 spa d
020 ## - INTERNATIONAL STANDARD BOOK NUMBER
International Standard Book Number 9682611717
040 ## - CATALOGING SOURCE
Original cataloging agency Mx-PuUPA
Language of cataloging spa
Transcribing agency Mx-PuUPA
Modifying agency Mx-PuUPA
Description conventions rda
041 0# - LANGUAGE CODE
Language code of text/sound track or separate title spa
100 1# - MAIN ENTRY--PERSONAL NAME
Personal name González, Martín,
9 (RLIN) 18048
Relator term autor
245 10 - TITLE STATEMENT
Title Comportamiento organizacional L
Remainder of title un enfoque latinoamericano /
Statement of responsibility, etc. Martín González, Socorro Olivares
250 ## - EDITION STATEMENT
Edition statement Primera edición
264 #1 - PRODUCTION, PUBLICATION, DISTRIBUTION, MANUFACTURE, AND COPYRIGHT NOTICE
Place of production, publication, distribution, manufacture México, D.F. :
Name of producer, publisher, distributor, manufacturer Compañía Editorial Continental,
Date of production, publication, distribution, manufacture, or copyright notice ©1999
300 ## - PHYSICAL DESCRIPTION
Extent xvi,343 páginas :
Other physical details ilustraciones, diagramas, tablas ;
Dimensions 25 cm
336 ## - CONTENT TYPE
Fuente rdacontent
Content type term texto
Content type code txt
337 ## - MEDIA TYPE
Source rdamedia
Media type term sin medio
Media type code n
338 ## - CARRIER TYPE
Source rdacarrier
Carrier type term volumen
Carrier type code nc
500 ## - GENERAL NOTE
General note Reimpresiones: (sexta, 2005) ; (séptima, 2006).
650 #7 - SUBJECT ADDED ENTRY--TOPICAL TERM
Source of heading or term armarc
Topical term or geographic name entry element Comportamiento organizacional
650 #7 - SUBJECT ADDED ENTRY--TOPICAL TERM
Source of heading or term armarc
Topical term or geographic name entry element Psicología industrial
650 #7 - SUBJECT ADDED ENTRY--TOPICAL TERM
Source of heading or term armarc
Topical term or geographic name entry element Administración de empresas
650 #7 - SUBJECT ADDED ENTRY--TOPICAL TERM
Source of heading or term armarc
Topical term or geographic name entry element Comunicación organizacional
700 1# - ADDED ENTRY--PERSONAL NAME
Personal name Olivares, Socorro,
Relator term autor
942 ## - ADDED ENTRY ELEMENTS (KOHA)
Source of classification or shelving scheme Dewey Decimal Classification
Koha item type Libro
Classification part 658
Item part G63
Existencias
Withdrawn status Lost status Source of classification or shelving scheme Damaged status Not for loan Collection code Home library Current library Shelving location Date acquired Source of acquisition Total Checkouts Total Renewals Full call number Barcode Date last seen Date last checked out Price effective from Koha item type
    Dewey Decimal Classification   En catalogación General Biblioteca Karol Wojtyla Biblioteca Karol Wojtyla Sala general 03/12/2013 Compra 4 1 658 G63 1999 71954 05/01/2026 22/06/2023 03/12/2013 Libro
    Dewey Decimal Classification     General Tehuacán Tehuacán Sala general 12/05/2026       658 G63 1999 968000003263 12/05/2026   12/05/2026 Libro